000 00274nam a22001337a 4500
008 210519b ||||| |||| 00| 0 eng d
041 _aeng
080 _a510
082 _a510
100 _a36
101 _aMAT
245 _aElementary Logic
_cMates,B
942 _2udc
_cBK
999 _c57504
_d57504